Wirtschaft und Statistik
Enregistré dans:
| Format: | Publication en série |
|---|---|
| Langue: | allemand |
| Publié: |
Wiesbaden
Kohlhammer
|
| Tags: |
Pas de tags, Soyez le premier à ajouter un tag!
|
MARC
| LEADER | 00000nas1a2200000 4500 | ||
|---|---|---|---|
| 001 | s122678 | ||
| 005 | 20041019155351.1 | ||
| 041 | 0 | |a ger | |
| 044 | |a DE | ||
| 245 | 1 | 0 | |a Wirtschaft und Statistik |
| 264 | 1 | |a Wiesbaden |b Kohlhammer | |